|
|
|
|
| LEADER |
00800nta a2200205 i 4500 |
| 001 |
dipl97178 |
| 005 |
20210114182401.0 |
| 008 |
210107s2008 hu om 0|| zxx d |
| 040 |
|
|
|a SZTE Diploma Repozitórium
|b hun
|
| 041 |
|
|
|a zxx
|
| 100 |
2 |
|
|a Juhász-Nagy Csilla
|
| 245 |
1 |
0 |
|a Könyvgyűjtő asszonyok a 18. században
|h [elektronikus dokumentum] :
|b Árva Bethlen Kata /
|c Csilla Juhász-Nagy
|
| 260 |
|
|
|c 2008
|
| 650 |
|
4 |
|a Pedagógusképzés
|
| 650 |
|
4 |
|a Social sciences
|
| 650 |
|
4 |
|a Media and communications
|
| 650 |
|
4 |
|a Library science
|
| 700 |
1 |
|
|a Zvara Edina
|e ths
|
| 856 |
4 |
0 |
|u http://diploma.bibl.u-szeged.hu/id/eprint/97178/1/2008_juhasz_nagy_csilla.pdf
|z Dokumentum-elérés
|
| 856 |
4 |
0 |
|u http://diploma.bibl.u-szeged.hu/id/eprint/97178/7/2008_juhasz_nagy_csilla_melleklet.zip
|z Dokumentum-elérés
|